| 000 | 00397nam a2200145Ia 4500 | ||
|---|---|---|---|
| 008 | 150128s9999 xx 000 0 und d | ||
| 020 | _a0140622306 | ||
| 050 |
_aCLA _bJ85a 1986 |
||
| 100 | _aJoyce, James. | ||
| 245 | 2 | _aA portrait of the artist as a young man / | |
| 250 | _aJames Joyce. | ||
| 260 |
_aNew York: _bPenguin Books, _c1996. |
||
| 300 |
_a288 pages : _c18 cm. |
||
| 650 | _xFiction. | ||
| 999 |
_c278886 _d278886 |
||